<?xml version="1.0" encoding="UTF-8"?>
<record
    xmlns:xsi="http://www.w3.org/2001/XMLSchema-instance"
    xsi:schemaLocation="http://www.loc.gov/MARC21/slim http://www.loc.gov/standards/marcxml/schema/MARC21slim.xsd"
    xmlns="http://www.loc.gov/MARC21/slim">

  <leader>00681nam a22002057a 4500</leader>
  <controlfield tag="007">00</controlfield>
  <controlfield tag="008">160621b        xxu||||| |||| 00| 0 eng d</controlfield>
  <datafield tag="020" ind1=" " ind2=" ">
    <subfield code="a">2-7462-0863-6</subfield>
  </datafield>
  <datafield tag="040" ind1=" " ind2=" ">
    <subfield code="a">BUAC</subfield>
    <subfield code="c">BUC</subfield>
  </datafield>
  <datafield tag="041" ind1=" " ind2=" ">
    <subfield code="a">Fre.</subfield>
  </datafield>
  <datafield tag="100" ind1=" " ind2=" ">
    <subfield code="a">Guglielmi, Michel</subfield>
  </datafield>
  <datafield tag="245" ind1=" " ind2=" ">
    <subfield code="a">Signaux al&#xE9;atoires mod&#xE9;lisation, estimation, d&#xE9;tection</subfield>
    <subfield code="c">/ ss.dir. Michel Guglielmi </subfield>
  </datafield>
  <datafield tag="260" ind1=" " ind2=" ">
    <subfield code="a">Paris :</subfield>
    <subfield code="b">Lavoisier,</subfield>
    <subfield code="c">2004</subfield>
  </datafield>
  <datafield tag="300" ind1=" " ind2=" ">
    <subfield code="a">371 p.</subfield>
    <subfield code="c">24 cm.</subfield>
  </datafield>
  <datafield tag="440" ind1=" " ind2=" ">
    <subfield code="a">( Collection Traitement du signal et de l' image)</subfield>
  </datafield>
  <datafield tag="521" ind1=" " ind2=" ">
    <subfield code="a">Compr. Bibliogr .. &#xE0; la fin de chaque chapitre du vol.
 Index : pp. (373 - 377)</subfield>
  </datafield>
  <datafield tag="630" ind1=" " ind2=" ">
    <subfield code="a">SCIENCES APPLIQUEES</subfield>
  </datafield>
  <datafield tag="650" ind1=" " ind2=" ">
    <subfield code="a">T&#xE9;l&#xE9;communication : technique</subfield>
  </datafield>
  <datafield tag="942" ind1=" " ind2=" ">
    <subfield code="c">LBA</subfield>
  </datafield>
  <datafield tag="999" ind1=" " ind2=" ">
    <subfield code="c">54654</subfield>
    <subfield code="d">54654</subfield>
  </datafield>
  <datafield tag="952" ind1=" " ind2=" ">
    <subfield code="0">0</subfield>
    <subfield code="1">0</subfield>
    <subfield code="4">0</subfield>
    <subfield code="7">0</subfield>
    <subfield code="a">BUAC</subfield>
    <subfield code="b">BUAC</subfield>
    <subfield code="d">2015-06-11</subfield>
    <subfield code="e">Don ARES</subfield>
    <subfield code="f">16/481</subfield>
    <subfield code="l">0</subfield>
    <subfield code="o">681.3 GUG</subfield>
    <subfield code="p">16-481BUC</subfield>
    <subfield code="r">2016-06-21 00:00:00</subfield>
    <subfield code="t">1</subfield>
    <subfield code="w">2016-06-21</subfield>
    <subfield code="y">LIVR</subfield>
  </datafield>
  <datafield tag="952" ind1=" " ind2=" ">
    <subfield code="0">0</subfield>
    <subfield code="1">0</subfield>
    <subfield code="4">0</subfield>
    <subfield code="7">0</subfield>
    <subfield code="a">BUAC</subfield>
    <subfield code="b">BUAC</subfield>
    <subfield code="c">R&#xE9;serve</subfield>
    <subfield code="d">2017-07-12</subfield>
    <subfield code="e">DON ARES</subfield>
    <subfield code="f">17/031</subfield>
    <subfield code="l">0</subfield>
    <subfield code="o">681.3 GUG</subfield>
    <subfield code="p">17-031Buc</subfield>
    <subfield code="r">2017-07-12 00:00:00</subfield>
    <subfield code="t">2</subfield>
    <subfield code="w">2017-07-12</subfield>
    <subfield code="y">LBA</subfield>
  </datafield>
</record>
